000 00313nam a2200145Ia 4500
005 20251222144726.0
008 251222s9999||||xx |||||||||||||| ||spa||
020 _a9788467052121
082 _a440/M86
100 _aMoro, Javier
245 0 _aMi Pecado
250 _a1ra.ed.
264 _bEspasa
942 _cLIB
999 _c18391
_d18391